000 00711nam a2200253 i 4500
001 C2-0093555
003 PPAK
005 20180727092858.0
008 970514s1979 wau |||| ||||| | eng d
020 _a0470267062
040 _aPPAK
_beng
_cPPAK
_erda
082 0 4 _a512.74
_223
090 0 0 _a512.74
_bSPR
_dG
100 1 _aSprindzuk, Uladimiz G.,
_eauthor
245 1 0 _aMetric theory of diophantie approximations
250 _aSilverman, Richard A.
264 1 _aWashington :
_bV.H Winston & Sons ,
_c1979
300 _axiii, 156 pages ;
_c22 cm
336 _2rdacontent
_atext
337 _2rdamedia
_aunmediated
338 _2rdacarrier
_avolume
650 1 0 _aDiophantine analysis.
942 _ddc
_cB
999 _c19924
_d19924